000 00401nam a22001697a 4500
005 20160519095000.0
008 160519b xxu||||| |||| 00| 0 eng d
020 _a0-07-463974-9
041 _aeng
082 _b3107
100 _aVohra N.D.
_9775
245 _aQuantitative technique in Management
260 _aNew Delhi
_bTMH,
_c2004
300 _a930
650 _aManagement
_9241
942 _cBK
999 _c1065
_d1065